Real Life Seinfeld Guest Stars Quiz Stats

Quiz not verified by Sporcle

Also try: That '70s Show
Challenge
Share
Tweet
Embed
Score 0/25 Timer 05:00
1 Play Today
Noteable Work Guest Star % Correct
Who Wants to Be a MillionaireRegis Philbin
88.3%
Won an Oscar for My Cousin VinnyMarisa Tomei
87.4%
Replaced Carson as Tonight Show hostJay Leno
87%
1979 NL MVPKeith Hernandez
86.2%
Today Show Weather ManAl Roker
80.8%
Murphy BrownCandice Bergen
79.9%
Late Show host who did not replace CarsonDavid Letterman
77.8%
Wonder YearsFred Savage
77%
Two time Oscar nominee, multiple Grammy winnerBette Midler
75.7%
Four time Oscar nominee, won for Coming HomeJon Voight
74.9%
The Velvet FogMel Torme
74.1%
CheersGeorge Wendt
72.4%
Mustacchioed Fox News contributorGeraldo Rivera
70.3%
Noteable Work Guest Star % Correct
Yankees right fielder from '93 - '01Paul O'Neill
69.9%
2000 World Series MVPDerek Jeter
69%
The Today Show Fourth HourKathie Lee Gifford
64.9%
L.A. LawCorbin Bernsen
63.2%
Fantastic VoyageRaquel Welch
60.7%
The Today ShowBryant Gumbel
60.3%
Four time Gold Glove winning Yankee center fielderBernie Williams
59.8%
Current Orioles ManagerBuck Showalter
59%
Former Mayor of NYCRudy Giuliani
56.9%
Yankees Outfielder from '92 - '95Danny Tartabull
56.9%
Current Braves Pitching CoachRoger McDowell
39.7%
Host of Wild KingdomJim Fowler
22.6%

You're not logged in!

Compare scores with friends on all Sporcle quizzes.
Sign Up with Email
OR
Log In

You Might Also Like...

Show Comments

Extras

Top Quizzes Today


Score Distribution

Your Account Isn't Verified!

In order to create a playlist on Sporcle, you need to verify the email address you used during registration. Go to your Sporcle Settings to finish the process.